50 største byer i nordiske land på et tomt kart - Statistics

General Stats
  • This quiz has been taken 22 times
  • The average score is 21 of 50
Answers on the Map
Answers color-coded by a green-red scale on the quiz's map according to % correct below.
 
Answer Stats
by befolkning % Correct
Oslo 699 827
100%
Stockholm 978 770
100%
Bergen 286 930
88%
Helsinki 658 457
88%
København 644 431
88%
Malmö 351 749
88%
Trondheim 210 496
88%
Göteborg 587 549
82%
Kristiansand 113 737
82%
Stavanger 144 699
82%
Reykjavik 134 602
65%
Aalborg 119 219
59%
Aarhus 282 910
59%
Odense 180 760
53%
Drammen 102 273
47%
Turku 195 137
47%
Asker 96 088
41%
Bærum 128 982
41%
Helsingborg 150 109
41%
Jönköping 143 579
41%
Karlstad 95 408
41%
Lahti 120 027
41%
Lillestrom 89 095
41%
Linköping 165 527
41%
Norrköping 144 458
41%
Umeå 130 997
41%
Espoo 297 132
35%
Kuopio 121 543
35%
Örebro 156 987
35%
Oulu 209 551
35%
Tampere 244 223
35%
Uppsala 237 596
35%
Gävle 103 136
29%
Lund 127 376
29%
Vantaa 239 206
29%
Halmstad 104 573
24%
Jyväskylä 144 473
24%
Sundsvall 99,383
24%
Västerås 156 838
24%
Växjö 95 995
24%
Borås 114 091
18%
Södertälje 101 209
18%
Eskilstuna 107 593
12%
Kristianstad 86 641
12%
Solna 84 187
12%
Haninge 95 658
6%
Huddinge 113 951
6%
Kungsbacka 85 301
6%
Nacka 108 234
6%
Botkyrka 95 318
0%
No matching quizzes found
Score Distribution
Percent of People with Each Score
Percentile by Number Answered
Your Score History
You have not taken this quiz